Представление документа в формате RUSMARC

ПолеНазваниеЗначение
  Тип записи a
  Библиографический уровень m
001 Контрольный номер RU/SLIB/B/208776056
005 Дата корректировки 20230317121725.8
010 Индекс ISBN __
d Цена 17-40
101 Язык документа 0_
a Язык текста rus
200 Заглавие и сведения об ответственности 1_
a Заглавие Чапаев
f Первые сведения об ответственности Д. А. Фурманов. Железный поток / А. Серафимович. Как закалялась сталь / Н. А. Островский
b Общее обозначение материала Текст
210 Выходные данные 1_
a Место издания М.
c Издательство Худож. лит.
d Дата издания 1967
215 Физическое описание __
a Объем 320 с.
327 Примечание о содержании 0_
a Примечание о содержании Железный поток / А. С. Серафимович
600 Персоналии _1
a Персоналии (Фамилия) Чапаев, В. И.
606 Тематические рубрики __
a Основная рубрика Художественная литература
z Хронологическая подрубрика 20 в.
y Географическая подрубрика Россия
606 Тематические рубрики __
a Основная рубрика Русская литература XX в. (произведения)
610 Ключевые слова 0_
a Ключевые слова писатели; проза; прозаики; романы; Гражданская война; персоналии; исторические деятели; тема войны
686 Индексы других классификаций __
a Классификационный индекс 84(2Рос=Рус)6-4
700 Автор _1
a Фамилия Фурманов
b Имя Д. А.
g Полное личное имя Дмитрий Андреевич
4 Код отношения 070
702 Вторичная интеллектуальная ответственность _1
a Фамилия Серафимович
b Имя А. С.
4 Код отношения Автор
4 Код отношения 070
702 Вторичная интеллектуальная ответственность _1
a Фамилия Островский
b Имя Н. А.
4 Код отношения Автор
4 Код отношения 070
801 Источник записи _0
a Страна RU
b Организация Муниципальное бюджетное учреждение культуры "Централизованная библиотечная система" г. Сургут (Центральная городская библиотека им. А. С. Пушкина)
g Правила каталогизации КиК/Лебедева
801 Источник записи _1
a Страна RU
b Организация Муниципальное бюджетное учреждение культуры "Централизованная библиотечная система" г. Сургут (Центральная городская библиотека им. А. С. Пушкина)
g Правила каталогизации КиК/Лебедева
852 Данные о местонахождении __
j Шифр хранения 84(2Рос=Рус)6-4
i Авторский знак Ф 95
p Инвентарный номер 15434
901 Тип документа __
t Тип документа m
990 Данные о заказе (DOS) __
j Количество экземпляров (DOS) 1
t N записи в КСУ для И/У (DOS) 199101